000 00531nam a2200157 4500
008 0 2001 0a 000 0MEX
020 _a970-26-0091-X
050 _aHF5473.A2 B46 2001
082 _a658.83 B212i
100 _aBenassini, Marcela
245 _aIntroducción a la investigación de mercados : un enfoque para América Latina / Marcela Benassini
260 _aMéxico : Pearson Educación
300 _axiv, 240 p. / 22 cm.
500 _aIncluye CD-Rom
650 _a1.INVESTIGACION DE MERCADOS-AMERICA LATINA
999 _c16219
_d16219